000 00438nam a2200181Ia 4500
001 4103
005 20260306145731.0
008 260306t2003||||xx |||||||||||||| ||spa||
041 _aESP
082 _a306.85
_bH12 Nº 81
100 _aAberásturi y Martínez, José Luis
_eAUT
245 0 _aEducar la conciencia
260 _c2003
300 _a277 páginas :
_c19 cm.
650 _aGEN
654 _aCED
942 _cLIB
_dJUS
_fJUS
_2ddc
_n
999 _c4103
_d4103